Virtual Works : (Record no. 67397)
[ view plain ]
| 000 -LEADER | |
|---|---|
| fixed length control field | 02482nam a2200325Ii 4500 |
| 008 - FIXED-LENGTH DATA ELEMENTS--GENERAL INFORMATION | |
| fixed length control field | 221202s xx 000 0 und d |
| 100 1# - MAIN ENTRY--PERSONAL NAME | |
| Personal name | Goehr, Lydia, |
| Relator term | author |
| 245 #0 - TITLE STATEMENT | |
| Title | Virtual Works : |
| Remainder of title | Actual Things |
| 246 ## - VARYING FORM OF TITLE | |
| Title proper/short title | Essays in Music Ontology |
| 264 #1 - PRODUCTION, PUBLICATION, DISTRIBUTION, MANUFACTURE, AND COPYRIGHT NOTICE | |
| Place of production, publication, distribution, manufacture | Leuven |
| Name of producer, publisher, distributor, manufacturer | Leuven University Press |
| Date of production, publication, distribution, manufacture, or copyright notice | 2018 |
| 300 ## - PHYSICAL DESCRIPTION | |
| Extent | 1 online resource (208 pages) |
| 336 ## - CONTENT TYPE | |
| Content type term | text |
| Content type code | txt |
| Source | rdacontent |
| 337 ## - MEDIA TYPE | |
| Media type term | computer |
| Media type code | c |
| Source | rdamedia |
| 338 ## - CARRIER TYPE | |
| Carrier type term | online resource |
| Carrier type code | cr |
| Source | rdacarrier |
| 490 ## - SERIES STATEMENT | |
| Series statement | Orpheus Institute Series |
| 520 ## - SUMMARY, ETC. | |
| Summary, etc. | Beyond musical works: new perspectives on music ontology and performance What are musical works? How are they constructed in our minds? Which material things allow us to speak about them in the first place? Does a specific way of conceiving musical works limit their performative potentials? Which alternative, more productive images of musical work can be devised? Virtual Works : Actual Things addresses contemporary music ontological discourses, challenging dominant musicological accounts, questioning their authoritative foundation and moving towards dynamic perspectives devised by music practitioners and artist researchers. Specific attention is given to the relationship between the virtual multiplicities that enable the construction of an image of a musical work and the actual, concrete materials that make such a construction possible. With contributions by prominent scholars, this book is a wide-ranging and fascinating collection of essays, which will be of great interest for artistic research, contemporary musicology, music philosophy, performance studies and music pedagogy alike. Contributors: David Davies (McGill University, Montreal), Andreas Dorschel (University of the Arts Graz), Lydia Goehr (Columbia University, New York), Kathy Kiloh (OCAD University, Toronto), Jake McNulty (Columbia University, New York), Gunnar Hindrichs (University of Basel), John Rink (University of Cambridge) |
| 653 ## - INDEX TERM--UNCONTROLLED | |
| Uncontrolled term | Aesthetics |
| 653 ## - INDEX TERM--UNCONTROLLED | |
| Uncontrolled term | Artistic Research |
| 653 ## - INDEX TERM--UNCONTROLLED | |
| Uncontrolled term | Gilles Deleuze |
| 653 ## - INDEX TERM--UNCONTROLLED | |
| Uncontrolled term | Music Ontology |
| 653 ## - INDEX TERM--UNCONTROLLED | |
| Uncontrolled term | Music Performance |
| 700 1# - ADDED ENTRY--PERSONAL NAME | |
| Personal name | de Assis , Paulo |
| 700 1# - ADDED ENTRY--PERSONAL NAME | |
| Personal name | Davie, David |
| 700 1# - ADDED ENTRY--PERSONAL NAME | |
| Personal name | Hindrichs, Gunnar |
| 700 1# - ADDED ENTRY--PERSONAL NAME | |
| Personal name | Kiloh, Kathy |
| 700 1# - ADDED ENTRY--PERSONAL NAME | |
| Personal name | McNulty, Jake |
| 700 1# - ADDED ENTRY--PERSONAL NAME | |
| Personal name | Rink, John |
| 856 ## - ELECTRONIC LOCATION AND ACCESS | |
| Uniform Resource Identifier | <a href="https://library.oapen.org/bitstream/20.500.12657/29717/1/9789461662521%20Ex_Virtual%20Works%20Actual%20Things_DEF_e.pdfhttp://library.oapen.org/handle/20.500.12657/29717">https://library.oapen.org/bitstream/20.500.12657/29717/1/9789461662521%20Ex_Virtual%20Works%20Actual%20Things_DEF_e.pdfhttp://library.oapen.org/handle/20.500.12657/29717</a> |
| 942 ## - ADDED ENTRY ELEMENTS (KOHA) | |
| Koha item type | E-Book |
| Withdrawn status | Damaged status | Not for loan | Home library | Current library | Date acquired | Total Checkouts | Date last seen | Price effective from | Koha item type |
|---|---|---|---|---|---|---|---|---|---|
| Directory of Open Access Books | Directory of Open Access Books | 11/28/2022 | 11/28/2022 | 11/28/2022 | E-Book |